01532nam a2200361 a 4500001001200000003000800012006001900020007001500039008004100054010001700095020003800112020003500150020002700185040002100212035002100233050003000254100001800284245008000302246004800382260005100430300002400481440001800505500018800523500002000711533015200731630003600883650002900919650003300948655002900981710001701010856012601027999001701153ebr10660560CaPaEBRm u cr cn|||||||||121226s2013 njua s 001 0 eng d z 2012956361 z9781118510100 (pbk. : alk. paper) z1118510100 (pbk. : alk. paper) z9781118550182 (e-book) aCaPaEBRcCaPaEBR a(OCoLC)83454566314aHF5548.4.M523bH37 2013eb1 aHarvey, Greg.10aExcel 2013 all-in-one for dummiesh[electronic resource] /cby Greg Harvey.14aMicrosoft Excel 2013 all-in-one for dummies aHoboken, N.J. :bJ. Wiley & Sons, Inc.,c2013. axvi, 776 p. :bill. 0a--For dummies a"8 books in 1: Excel basics, Worksheet design, Formulas and functions, Worksheet collaboration and review, Charts and graphics, Data management, Data analysis, Macros and VBA"--Cover. aIncludes index. aElectronic reproduction.bPalo Alto, Calif. :cebrary,d2013.nAvailable via World Wide Web.nAccess may be limited to ebrary affiliated libraries.00aMicrosoft Excel (Computer file) 0aElectronic spreadsheets. 0aBusinessxComputer programs. 7aElectronic books.2local2 aebrary, Inc.40uhttp://site.ebrary.com/lib/rucke/Doc?id=10660560zAn electronic book accessible through the World Wide Web; click to view c67807d67807